000 00793cam a2200265 4500
001 ABS66784
008 030704n2003 000 0 eng u
035 _a(Sirsi) u122949
245 _aFocus 2003: Northern Ireland
260 _c2003
490 _aEstates Gazette
_v(0322) 31 May 2003, 65-83(15)
590 _aABS
650 _aBELFAST
650 _aPROPERTY-COMMERCIAL PROPERTY-RETAIL PROPERTY-RETAIL PROPERTY MARKET
650 _aPROPERTY-COMMERCIAL PROPERTY-OFFICE PROPERTY-OFFICE PROPERTY MARKET
650 _aINDUSTRIAL MARKET
650 _aSHOPPING CENTRES
650 _aRENTS
650 _aFACTORY OUTLETS
650 _aSHEDS
650 _aTAKE UP
650 _aSUPPLY AND DEMAND
690 _aPROPERTY-COMMERCIAL PROPERTY-COMMERCIAL PROPERTY MARKET
942 _n0
999 _c73004
_d73004